Statistiques concernant Capitales d'Afrique - Carte

Cliquez ici pour prendre le quiz!

Statistiques générales

  • Ce quiz a été pris 458 fois
    (444 depuis la dernière actualisation)
  • Le résultat moyen est 36 sur 54

Réponses sur la Carte

Les réponses sont colorées sur une échelle allant du rouge au vert en fonction du pourcentage des utilisateurs qui les ont devinées à leur premier essai. Vous pouvez retrouver ces pourcentages ci-dessous.
 

Statistiques - réponses

Capitale% Correct
Alger
99%
Le Caire
96%
Tunis
96%
Rabat
94%
Tripoli
86%
Dakar
85%
Kinshasa
82%
Bamako
80%
Brazzaville
80%
Pretoria
79%
Antananarivo
78%
Djibouti
78%
Khartoum
75%
Libreville
75%
Nairobi
74%
Yaoundé
74%
Addis Abeba
70%
Nouakchott
70%
Ouagadougou
70%
Sao Tomé
70%
Freetown
69%
Bissau
68%
Lomé
68%
Niamey
67%
Luanda
66%
Yamoussoukro
66%
Accra
65%
Maputo
65%
Ndjamena
65%
Porto-Novo
65%
Abuja
64%
Port Louis
63%
Bangui
61%
Mogadiscio
61%
Windhoek
61%
Conakry
59%
Victoria
59%
Asmara
57%
Djouba
57%
Dodoma
57%
Harare
57%
Praia
57%
Banjul
56%
Kigali
56%
Kampala
55%
Lusaka
54%
Gaborone
53%
Mbabane
53%
Lilongwe
52%
Maseru
52%
Moroni
49%
Malabo
48%
Monrovia
48%
Gitega
43%

Distribution des résultats

Percentile par nombre de réponses

% des personnes avec chaque résultat

Votre développement - résultats

Vous n’avez pas pris ce quiz depuis la dernière actualisation